000 00634nam a2200241 i 4500
001 C2-0042052
003 PPAK
005 20190630222055.0
008 970225s1990 enk |||| ||||| | eng d
020 _a0861889886
040 _aPPAK
_beng
_cPPAK
_erda
082 0 4 _a133.9013
_223
090 0 0 _a133.9013
_bHOD
_dG
100 1 _aHodgkinson, Liz,
_eauthor
245 1 0 _aReincarnation
_bthe evidence
264 1 _aLondon :
_bJudy Piatkus ,
_c1990
300 _axix, 172 pages ;
_c24 cm
336 _2rdacontent
_atext
337 _2rdamedia
_aunmediated
338 _2rdacarrier
_avolume
650 1 0 _aReincanation
942 _ddc
_cB
999 _c6626
_d6626